An anthology of english literature
محفوظ في:
| المؤلف الرئيسي: | |
|---|---|
| التنسيق: | كتاب |
| اللغة: | Undetermined |
| منشور في: |
New York, Estados Unidos
Henry Holt
1939
|
| الموضوعات: | |
| الوسوم: |
إضافة وسم
لا توجد وسوم, كن أول من يضع وسما على هذه التسجيلة!
|
MARC
| LEADER | 00000nam a2200000Ia 4500 | ||
|---|---|---|---|
| 008 | 170316s9999 xx 000 0 und d | ||
| 040 | |a cru BVZT | ||
| 090 | |a A-820 M-2a | ||
| 100 | |a McCutcheon, Roger Philip y Harvey Vann, William | ||
| 245 | 3 | |a An anthology of english literature | |
| 260 | |a New York, Estados Unidos | ||
| 260 | |b Henry Holt | ||
| 260 | |c 1939 | ||
| 300 | |a 1017 páginas | ||
| 650 | |a LITERATURA INGLESA | ||
| 650 | |a ANTOLOGÍA | ||
| 999 | |c 12366 |d 12366 | ||
| 942 | |c 15 D |h A-820 M-2a |2 z | ||
